| 000 | 00804nam a22002651 4500 | ||
|---|---|---|---|
| 001 | 84076 | ||
| 003 | BD-RjUL | ||
| 005 | 20241003153808.0 | ||
| 008 | 241003s1967 njua 000 0 eng | ||
| 035 | _a(BD-RjUL)84076 | ||
| 040 |
_aDLC/ICU _cICU _dDLC _dBD-RjUL _beng |
||
| 041 | _aeng | ||
| 082 | 0 | 0 |
_a537 _bNUE 1967 |
| 100 | 1 |
_aNussbaum, Allen. _913706 |
|
| 245 | 1 | 0 |
_aElectronic and magnetic behavior of materials / _cAllen Nussbaum |
| 260 |
_aEnglewood Cliffs, N.J. : _bPrentice-Hall, _c1967 |
||
| 300 |
_ax, 155 p.: _billus.; _c23 cm. |
||
| 650 | 0 |
_aMagnetic materials. _913708 |
|
| 650 | 0 | _aSemiconductors. | |
| 650 | 0 |
_aDielectrics. _913709 |
|
| 650 | 0 |
_aQuantum electronics. _913710 |
|
| 942 |
_2ddc _cBK |
||
| 999 |
_c84076 _d84076 |
||